| 000 | 00351nam a22001697a 4500 | ||
|---|---|---|---|
| 003 | UA-OsUOA | ||
| 001 | 4975 | ||
| 007 | ta | ||
| 008 | 20050721b un ||||| |||| 00| 0 ukr d | ||
| 100 | _aWaud | ||
| 700 | _aRoger N. | ||
| 942 | _cBK | ||
| 040 |
_aUA-OsUOA _cUA-OsUOA _dUA-OsUOA |
||
| 245 |
_aMicroeconomics. _bEconomics |
||
| 955 | _a2 | ||
| 650 | 7 | _2UDC | |
| 999 |
_c291137 _d291137 |
||